[Event "Yingmei Cup CHN-chT 2017"]
[Site "?"]
[Date "2017.04.19"]
[Round "2"]
[White "Liu, Qingnan"]
[Black "Zhang, Ziji"]
[Result "1/2-1/2"]
[WhiteElo "2502"]
[BlackElo "2318"]
[Annotator "TA"]
[PlyCount "159"]
[EventDate "2017.??.??"]
[SourceTitle "Shenzen"]

1. e4 e5 2. Nf3 Nc6 3. Bb5 a6 4. Ba4 Nf6 5. Bxc6 dxc6 6. d3 Bd6 7. Nbd2 Be6 8.
O-O {LiveBook: 7 Games. C77: Ruy Lopez: 3...a6 4 Ba4 Nf6, unusual lines} c5 (
8... O-O 9. b3 Nd7 10. Bb2 b5 11. d4 f6 12. h3 c5 13. d5 Bf7 14. a4 Nb6 15. c4
c6 {1/2-1/2 (59) Nakamura,H (2708)-Carlsen,M (2810) Wijk aan Zee 2010}) 9. Ng5
$146 (9. b3 b5 10. Ng5 Bg4 11. f3 Bd7 12. f4 exf4 13. e5 Bxe5 14. Re1 Be6 15.
Nxe6 fxe6 {0-1 (39) Runic,Z (2410)-Pavasovic,D (2575) Bizovac 2007}) 9... Qe7
10. Nxe6 {White is slightly better.} Qxe6 11. f4 (11. b3 $14) 11... exf4 $11
12. Nc4 O-O 13. Qe1 (13. Qf3 $11) 13... Nd7 14. Nxd6 cxd6 15. Bxf4 Ne5 16. b3
Rad8 17. Rd1 Nc6 18. Qe3 Qg6 19. c3 Rde8 20. Rde1 Re6 21. Bg3 Rfe8 22. Qd2 Rf6
23. Rf5 h6 24. Re3 Kf8 25. Ref3 {aiming for Rxf6.} Rxf5 26. Rxf5 Kg8 27. Qf2
Qe6 28. Rd5 Rd8 29. Qf5 {Threatens to win with Qxe6.} Qe7 30. h4 Qc7 {Hoping
for ...Ne7.} 31. Qf4 ({Don't take} 31. Rxc5 $2 Qb6 32. Bxd6 Rxd6 $19) 31... Qa5
32. Qd2 Qc7 $1 33. Qf4 Qa5 34. Qd2 Qc7 $1 35. Rf5 Ne7 36. Rf2 Qd7 37. Qe3 Qe6
38. Kh2 Nd5 39. Qe1 Nf6 40. Kg1 d5 $1 41. e5 Ng4 42. Re2 d4 $36 {Black is on
the roll.} 43. Re4 ({White should try} 43. c4) 43... dxc3 $1 $17 44. Qxc3 {[#]}
Rd5 (44... h5 $142 $1 45. Qd2 Qd7) 45. h5 Qf5 46. a4 (46. b4 $142) 46... Qxh5 (
46... b5 $142 47. Qc2 Nxe5 48. Bxe5 Rxe5) 47. e6 (47. b4 $17) 47... fxe6 $19
48. Rxe6 Qf7 49. Qe1 (49. Re4 $17 Qg6 50. Qc4) 49... Rxd3 50. Qe2 Qf5 ({
Don't capture} 50... Rxg3 $2 51. Re8+ Kh7 52. Qe4+ Qg6 {[#]} 53. Rh8+ $1 Kxh8
54. Qxg6 $18) 51. Be1 Kh7 52. Re4 Nf6 ({Worse is} 52... Rxb3 53. Rxg4 b5 54.
Bg3 $11) 53. Re5 Qd7 54. Qc2 {Strongly threatening Re3.} Qd4+ 55. Bf2 Qxe5 56.
Qxd3+ Qe4 57. Qd1 b6 58. a5 bxa5 59. Bxc5 a4 (59... Ng4 $19 {and Black stays
clearly on top.} 60. Bb6 Qf5) 60. bxa4 $17 Nd5 61. a5 Nf4 62. Qd2 h5 63. Bb6 h4
{...h3 is the strong threat.} 64. Kh2 Qe5 ({Black should play} 64... Kg6 $17)
65. Qc2+ Ng6+ (65... Nd3+ $5 {with more complications.} 66. Kg1 Qe4 67. Bc7 g5
68. Qb3 Kg7) 66. Kh1 {The position is equal.} Qe1+ 67. Kh2 $1 Qg3+ 68. Kh1 Qe1+
69. Kh2 $1 Qe5+ 70. Kh1 Kh6 71. Qc1+ Kh5 72. Be3 Qd5 73. Qf1 {Intending Qe2+
and mate.} h3 74. Qe2+ Kh4 75. Qf2+ Kg4 76. Qe2+ Kh4 77. Qe1+ Kh5 78. Qe2+ Kh4
79. Qf2+ Kh5 80. Qe2+ 1/2-1/2

[Event "Yingmei Cup CHN-chT 2017"]
[Site "?"]
[Date "2017.04.19"]
[Round "2"]
[White "Fang, Yuxiang"]
[Black "Wen, Yang"]
[Result "1/2-1/2"]
[WhiteElo "2498"]
[BlackElo "2613"]
[Annotator "TA"]
[PlyCount "66"]
[EventDate "2017.??.??"]
[SourceTitle "Shenzen"]

1. Nf3 d5 2. d4 Nf6 3. c4 e6 4. Nc3 c6 5. cxd5 exd5 6. Bg5 Bf5 7. e3 Nbd7 8.
Bd3 Bxd3 9. Qxd3 Be7 10. O-O O-O 11. Rab1 a5 12. Qc2 Ne8 {D35: Queen's Gambit
Declined: Exchange Variation} (12... Re8 13. Bxf6 Nxf6 14. a3 Bd6 15. Ne2 Qc7
16. Nc1 a4 17. Ne2 Ne4 18. Rbc1 Re6 19. Nc3 Nxc3 20. Qxc3 Rae8 {1/2-1/2 (30)
Kamsky,G (2683)-Shankland,S (2661) Saint Louis 2015}) 13. Bxe7 Qxe7 {LiveBook:
4 Games. The position is equal.} 14. Na4 Nd6 15. Nc5 Rfe8 $146 (15... Ra7 16.
b3 Re8 17. Nxd7 Qxd7 18. a3 f6 19. Nd2 {1/2-1/2 (19) Echternach,S-Hochgraefe,M
Hamburg 1989}) 16. Nxd7 Qxd7 17. Ne5 Qe7 18. a4 Qg5 19. Nf3 Qh5 20. Qd1 Re6 21.
Ne5 Qh4 22. Qf3 Rh6 {[#]} (22... Ree8 $5 {creates asymmetry.} 23. Rfc1 g6 24.
Rc2 Kg7 25. b3 h5) 23. h3 Qe7 24. Qe2 Ne4 25. Rbc1 Kh8 26. Nd3 Rg6 27. Ne5 Rh6
28. Nd3 Rg8 29. Rfe1 Re8 30. Ne5 Kg8 31. Nd3 Rg6 32. Ne5 Re6 33. Nd3 Rg6
1/2-1/2

[Event "Yingmei Cup CHN-chT 2017"]
[Site "?"]
[Date "2017.04.19"]
[Round "2"]
[White "Shen, Yang"]
[Black "Tan, Zhongyi"]
[Result "1/2-1/2"]
[WhiteElo "2473"]
[BlackElo "2508"]
[Annotator "TA"]
[PlyCount "61"]
[EventDate "2017.??.??"]
[SourceTitle "Shenzen"]

1. d4 Nf6 2. c4 e6 3. Nf3 d5 4. Nc3 Bb4 5. Bg5 h6 6. Bxf6 Qxf6 7. Qa4+ Nc6 8.
e3 O-O {D38: Queen's Gambit Declined: Ragozin Defence (4 Nf3 Bb4)} 9. Be2 (9.
Rc1 Rd8 10. a3 Bxc3+ 11. Rxc3 e5 12. cxd5 exd4 13. Rc5 Bg4 14. Nxd4 Nxd4 15.
Qxd4 Qxd4 16. exd4 {1/2-1/2 (30) Ding,L (2759) -Harikrishna,P (2758) Shenzhen
2017}) 9... Bd7 10. Qc2 dxc4 11. O-O Na5 12. Ne5 Qe7 13. Ne4 {LiveBook: 5
Games. The position is equal.} Bd6 14. Nxd7 Qxd7 15. Bxc4 Nxc4 16. Qxc4 Be7
$146 17. Rac1 c6 18. Qb3 Rfd8 19. Nc5 Bxc5 $1 20. Rxc5 Qe7 21. Rfc1 Rd5 22. Qa3
Rxc5 23. Qxc5 Qxc5 24. Rxc5 $11 {Endgame KR-KR} a5 25. g4 Kf8 26. Kg2 Ke7 27.
Kf3 Kd6 28. Ke4 a4 29. h4 b6 30. Rc2 Ra5 31. f3 1/2-1/2

[Event "Yingmei Cup CHN-chT 2017"]
[Site "?"]
[Date "2017.04.19"]
[Round "2"]
[White "Ma, Zhonghan"]
[Black "Bu, Xiangzhi"]
[Result "1/2-1/2"]
[WhiteElo "2465"]
[BlackElo "2713"]
[Annotator "TA"]
[PlyCount "63"]
[EventDate "2017.??.??"]
[SourceTitle "Shenzen"]

1. Nf3 Nf6 2. d4 e6 3. g3 b6 4. Bg2 Bb7 5. c4 Bb4+ 6. Bd2 c5 7. O-O O-O 8. Bxb4
cxb4 9. a3 bxa3 10. Rxa3 d5 {E16: Queen's Indian: 4 g3 Bb7 5 Bg2 Bb4+} 11. Ne5
{LiveBook: 4 Games} Qe7 12. cxd5 Bxd5 $146 {White is slightly better.} (12...
Nxd5 13. Nc3 Nxc3 14. Rxc3 Bxg2 15. Kxg2 Qb7+ 16. Kg1 Nd7 17. Nxd7 Qxd7 18. Qd3
{1/2-1/2 (45) Kallai,G (2450)-Andersson,U (2625) France 1993}) 13. Bxd5 Nxd5
14. Nc3 Nb4 15. Qa4 f6 16. Nf3 N8c6 17. e4 ({White should play} 17. d5 $1 $14
exd5 {[#]} 18. Nxd5 $1 Nxd5 19. Qxc6) 17... Rad8 18. d5 exd5 19. exd5 (19. Nxd5
$5 {is more complex.} Nxd5 20. exd5 Ne5 21. Nxe5 fxe5 22. Qc4) 19... Ne5 20.
Nxe5 fxe5 21. Qxa7 Qxa7 {The position is equal.} 22. Rxa7 {Threatens to win
with Rd1.} Nxd5 23. Rb7 Nxc3 24. bxc3 Rb8 25. Rxb8 (25. Ra7 $5 {feels hotter.}
Ra8 26. Rxa8 Rxa8 27. Rb1 Rc8 28. Rxb6 Rxc3 29. Rb7) 25... Rxb8 $11 {Endgame
KR-KR} 26. Rb1 Kf7 27. Rb5 Rc8 28. Rxb6 Rxc3 29. Rb7+ Kf6 30. Rb6+ Kf7 31. Rb7+
Kf6 32. Rb6+ 1/2-1/2

[Event "Yingmei Cup CHN-chT 2017"]
[Site "?"]
[Date "2017.04.19"]
[Round "2"]
[White "Ni, Shiqun"]
[Black "Gu, Tianlu"]
[Result "1-0"]
[WhiteElo "2450"]
[BlackElo "2212"]
[Annotator "TA"]
[PlyCount "101"]
[EventDate "2017.??.??"]
[SourceTitle "Shenzen"]

1. e4 e5 2. Nf3 Nc6 3. Bb5 a6 4. Ba4 Nf6 5. d3 Bc5 6. Nc3 {C77: Ruy Lopez: 3...
a6 4 Ba4 Nf6, unusual lines} (6. Bxc6 dxc6 7. h3 Nd7 8. Nc3 O-O 9. Be3 Bb4 10.
O-O Re8 11. Nd2 Nf8 12. a3 Bd6 13. Nc4 Ng6 14. Nxd6 cxd6 {1/2-1/2 (36)
Grischuk,A (2737)-Aronian,L (2785) Doha 2016}) 6... h6 7. O-O b5 8. Bb3 {
The position is equal.} d6 9. Nd5 Be6 10. c3 Ba7 (10... Bxd5 $5 {looks sharper.
} 11. exd5 Ne7 12. d4 exd4 13. Nxd4 Qd7) 11. Nxf6+ (11. Be3 $5 {is interesting.
} O-O 12. Bxa7 Rxa7 13. a4 bxa4 14. Nxf6+ Qxf6 15. Bxe6 fxe6 16. Qxa4 Ne7 17.
Nd2) 11... Qxf6 12. Bxe6 $146 (12. h3 O-O 13. Bc2 Ne7 14. a4 Ng6 15. Be3 {
1/2-1/2 (40) Narayanan,S (2310)-Weerawardane,R (2164) Ambalangoda 2011}) 12...
Qxe6 13. d4 {[#] Threatens to win with d5.} Ne7 14. a4 O-O 15. Qd3 c5 16. d5
Qc8 17. c4 bxc4 18. Qxc4 Rb8 19. Nd2 f5 20. Qc2 Qb7 21. Nc4 Rf6 ({Black should
try} 21... fxe4 $11 22. Nxd6 (22. Qxe4 Rf6 $15) 22... Qxd5) 22. f3 $14 Rbf8 23.
Be3 Bb8 24. Rf2 Bc7 25. Rd1 f4 26. Bc1 Rb8 27. Rd3 Nc8 (27... g5 $11) 28. Bd2
Ne7 29. Rf1 Qc8 30. Rb1 Rg6 (30... g5 $14) 31. Kf1 $16 Qd7 32. b4 cxb4 33. Rxb4
Rxb4 34. Bxb4 Rf6 35. Rc3 {[#] And now Nxe5! would win.} Bb8 36. Na5 Rf8 (36...
Kh7 $16 37. Nc6 Nxc6 38. Rxc6 (38. dxc6 Qc7 $16) 38... Qb7) 37. Nc6 $18 Kh7 38.
Ba5 Rc8 39. Bb6 Re8 40. a5 Qb7 (40... Bc7 $142 41. Qd3 Bxb6) 41. Qa4 Rf8 42. h3
Qd7 (42... Ng8 {was called for.} 43. Nxb8 Qxb8) 43. Qc2 Qb7 (43... Nc8 $142 44.
Qd3 Nxb6) 44. Qd3 Rc8 (44... Ng6 $142 45. Nxb8 Qxb8 46. Qxa6 Rg8) 45. Nxe7 Rxc3
46. Qxc3 Qxe7 47. Qc8 Ba7 48. Qxa6 Bb8 49. Qc8 {White is clearly winning.} Ba7
50. Qc7 Qxc7 51. Bxc7 1-0

[Event "Yingmei Cup CHN-chT 2017"]
[Site "?"]
[Date "2017.04.19"]
[Round "2"]
[White "Fang, Yan"]
[Black "Xu, Minghui"]
[Result "1/2-1/2"]
[WhiteElo "2447"]
[BlackElo "2283"]
[Annotator "TA"]
[PlyCount "90"]
[EventDate "2017.??.??"]
[SourceTitle "Shenzen"]

1. e4 e5 2. Nf3 Nc6 3. Bb5 a6 4. Ba4 Nf6 5. O-O Be7 6. Re1 b5 7. Bb3 O-O 8. d4
d6 9. c3 Bg4 10. d5 Na5 11. Bc2 c6 12. h3 Bc8 13. dxc6 Qc7 14. Bg5 {[%emt 0:00:
09] C1: Closed Ruy Lopez: 7...d6 8 c3 0-0 9 d4} h6 15. Bh4 Nc4 16. b3 $146 {
Black has an edge.} (16. Qc1 Qxc6 17. Nbd2 Nb6 18. Nf1 Re8 19. Bxf6 Bxf6 20.
Ne3 Be6 21. Qd1 Red8 {1/2-1/2 (46) Fressinet,L (2626)-Tkachiev,V (2645)
Besancon 2006}) 16... Nb6 17. Nh2 Be6 18. Qf3 Rac8 19. Nd2 Nh7 20. Bxe7 Qxe7
21. a4 Rxc6 22. axb5 axb5 23. Qd3 Qc7 24. Re3 Nf6 25. Nhf3 d5 26. exd5 Nbxd5
27. Ne4 Rd8 28. Nxf6+ Nxf6 29. Qxb5 Nd5 30. Ree1 ({Don't capture} 30. Nxe5 $2
Rc5 31. Qd3 Nxe3 32. Qxe3 Rxe5 $19) (30. Rxe5 $11 Rxc3 31. Bd1) 30... Rxc3 $17
31. Be4 Rc5 32. Qa6 Nc3 33. Qa7 Qc8 ({Reject} 33... Bxb3 34. Qxc7 Rxc7 35. Nxe5
$11) (33... Qxa7 $17 34. Rxa7 Bxb3) 34. b4 (34. Bb7 $1 $11 Qc7 35. b4) 34...
Rb5 ({Black should play} 34... Rc7 $1 $15 35. Qe3 Nxe4 36. Qxe4 f6) 35. Qa6 (
35. Ra5 $11 {keeps the balance.}) 35... Qb8 (35... Rxb4 $17 {Hoping for ...
Qxa6.} 36. Bc6 Qxa6 37. Rxa6 f6) 36. Rac1 (36. Bc2 $1 $11) 36... Nd5 (36...
Nxe4 $17 37. Rxe4 Rb6) 37. Rc5 $11 {The position is equal.} Rxb4 38. Bxd5 Bxd5
39. Nxe5 Re4 40. Rxe4 Qb1+ 41. Qf1 Qxe4 42. Ng4 Bb7 {[#] White must now
prevent ...Rd1!} 43. Ne3 Rd6 44. Rc4 Qe8 {Threatens to win with ...Ba6.} 45.
Qb1 Ba6 1/2-1/2

[Event "Yingmei Cup CHN-chT 2017"]
[Site "?"]
[Date "2017.04.19"]
[Round "2"]
[White "Dai, Changren"]
[Black "Zhao, Yuanhe"]
[Result "1/2-1/2"]
[WhiteElo "2438"]
[BlackElo "2386"]
[Annotator "TA"]
[PlyCount "88"]
[EventDate "2017.??.??"]
[SourceTitle "Shenzen"]

1. e4 e5 2. Nf3 Nf6 3. Nxe5 d6 4. Nf3 Nxe4 5. c4 Nc6 6. Nc3 Nxc3 7. dxc3 Be7 8.
Bd3 {LiveBook: 22 Games} Be6 {C42: Petroff Defence: 3 Nxe5 and unusual White
3rd moves} 9. Be3 $146 (9. O-O O-O 10. Bf4 Bf6 11. Re1 Re8 12. Qc2 h6 13. h3
Re7 14. Nd2 Ne5 15. Bf1 Ng6 16. Bg3 {1/2-1/2 (29) Zhao,Z (2544)-Zhao,Y (2351)
Danzhou 2016}) 9... Bf6 10. Qc2 Qd7 {White is slightly better.} 11. O-O h6 12.
Nd4 Bxd4 13. Bxd4 O-O 14. f4 {Hoping for f5.} f6 15. Bf2 Rfe8 16. c5 d5 17.
Rad1 Rad8 18. b4 a6 19. a4 Kh8 20. Rde1 Bf7 21. Ra1 ({White should play} 21. h3
$16) 21... a5 (21... d4 $11 22. b5 Na5) 22. b5 $16 Ne7 (22... Nb8 $1 $14) 23.
Bd4 $1 Nc8 24. Qf2 b6 25. Qh4 {Black must now prevent Bxf6!} Qe7 (25... Bg8 $16
) 26. cxb6 Nxb6 27. g4 Kg8 28. Rae1 $40 {White has strong attack.} Qd6 29. g5
fxg5 30. fxg5 Bg6 {[#]} 31. Rxe8+ (31. Be2 $1 $16 Be4 32. gxh6 Qxh6 33. Qxh6
gxh6 34. Rf6 (34. Bh5 Rf8 $16)) 31... Rxe8 $14 32. Rf6 $1 gxf6 33. Bxg6 Re5 $2
{[#]} (33... Re2 $2 34. gxf6 Qd7 35. f7+ Qxf7 36. Bxf7+ $18) ({Black should try
} 33... Qe6 $14 34. Bxe8 (34. gxf6 Qe1+ 35. Qxe1 Rxe1+ 36. Kf2 Re6 $11) (34.
Bxf6 Qe3+ 35. Qf2 Qxf2+ 36. Kxf2 Rf8 $17) (34. gxh6 Rf8 $14) 34... Qxe8) 34.
Bh7+ $1 $18 ({Don't play} 34. gxh6 $6 Kh8 $18) ({Weaker is} 34. Qxh6 Rxg5+ 35.
Kh1 Qe7 $17) (34. Bxe5 Qxe5 35. gxh6 (35. gxf6 Qe3+ 36. Kh1 Qf3+ 37. Kg1 Qe3+
38. Kh1 Qf3+ 39. Kg1 Qe3+ $11) (35. Qxh6 Qe1+ 36. Kg2 Qd2+ 37. Kh1 Qe1+ 38. Kg2
Qe2+ 39. Kh3 Qe3+ 40. Kg4 Qe2+ 41. Kh3 Qe3+ 42. Kg4 Qe2+ 43. Kh3 $11) 35...
Qe3+ 36. Kf1 Qf3+ 37. Kg1 Qxc3 $11) 34... Kxh7 (34... Kf7 $142) 35. Qxh6+ Kg8 {
[#]} 36. gxf6 $2 (36. Qg6+ $1 $18 Kf8 37. gxf6 Re1+ 38. Kf2) 36... Kf7 $11 {
The position is equal.} 37. Qg7+ ({Wrong is} 37. Bxe5 $2 Qxe5 38. Qg7+ Ke6 $19)
37... Ke6 {Threatens to win with ...Nd7.} 38. f7 Nd7 (38... Re1+ $5 39. Kf2 $8
Qxh2+ 40. Kxe1 Qh1+ 41. Kf2 Qh2+ 42. Ke1 Qh1+ 43. Kf2 Qh2+ 44. Kf1 Qh1+ 45. Kf2
$11) 39. Bxe5 Qxe5 40. f8=Q Nxf8 41. Qxf8 {aiming for Qe8+.} Qg5+ 42. Kf2 {
And now Qe8+ would win.} Qd2+ 43. Kf1 Qd1+ 44. Kg2 Qd2+ 1/2-1/2

[Event "Yingmei Cup CHN-chT 2017"]
[Site "?"]
[Date "2017.04.19"]
[Round "2"]
[White "Ding, Yixin"]
[Black "Wang, Jue"]
[Result "1/2-1/2"]
[WhiteElo "2420"]
[BlackElo "2335"]
[Annotator "TA"]
[PlyCount "63"]
[EventDate "2017.??.??"]
[SourceTitle "Shenzen"]

1. e4 c5 2. Nf3 d6 3. Bb5+ Nd7 4. c3 a6 {B51: Sicilian: Moscow Variation (3
Bb5+) without 3...Bd7} (4... Ngf6 5. d3 g6 6. O-O Bg7 7. Re1 a6 8. Ba4 O-O 9.
Bc2 e5 10. a4 b6 11. d4 exd4 12. cxd4 cxd4 13. Nxd4 {0-1 (67) Nakamura,H (2779)
-Vachier Lagrave,M (2804) Doha 2016}) 5. Ba4 Ngf6 6. Bc2 b5 7. d4 e5 8. O-O Be7
9. a4 Rb8 10. axb5 $146 (10. Re1 O-O 11. Nbd2 Re8 12. Nf1 Qc7 13. Ng3 Nf8 14.
h3 {1-0 (44) Erenburg,S (2570)-Hernandez,A (2211) chess.com INT 2017}) 10...
axb5 11. b3 O-O 12. d5 Ne8 13. Qe2 Nc7 14. Rd1 Nf6 15. Nbd2 Nh5 16. Nf1 {
Nxe5! is the strong threat.} g6 (16... Nf4 $11 {keeps the balance.} 17. Bxf4
exf4) 17. Bh6 $16 Ng7 18. Ng3 (18. b4 $16) 18... b4 19. c4 Bg4 20. h3 Bxf3 $1 {
The position is equal.} 21. Qxf3 Bg5 22. Bxg5 Qxg5 23. Ra7 Qe7 24. Rda1 Ra8 25.
Qd1 Rxa7 26. Rxa7 Ra8 27. Qa1 Rxa7 28. Qxa7 Nge8 {next ...Nxd5! is good for
Black.} 29. Qa1 Qg5 30. Nf1 h5 31. Ne3 Qe7 32. Qa4 1/2-1/2

[Event "Yingmei Cup CHN-chT 2017"]
[Site "?"]
[Date "2017.04.19"]
[Round "2"]
[White "Shvayger, Yuliya"]
[Black "Xiao, Yiyi"]
[Result "1-0"]
[WhiteElo "2416"]
[BlackElo "2290"]
[Annotator "TA"]
[PlyCount "64"]
[EventDate "2017.??.??"]
[SourceTitle "Shenzen"]

1. e4 c5 2. Nf3 Nc6 3. Bb5 d6 4. O-O Bd7 5. c3 Nf6 6. Re1 a6 7. Bf1 Bg4 8. d3
e6 9. Nbd2 {B51: Sicilian: Moscow Variation (3 Bb5+) without 3...Bd7} Be7 10.
h3 Bxf3 (10... Bh5 11. g4 Bg6 12. Nh4 Nd7 13. Ng2 O-O 14. f4 h6 15. Nf3 Bh7 16.
f5 Nde5 17. Nf4 Nxf3+ 18. Qxf3 Bh4 19. Rd1 b5 20. Qe2 {1-0 (65) Caruana,F 
(2774)-Gelfand,B (2755) Moscow 2013}) 11. Nxf3 {White has an edge.} O-O 12. d4
cxd4 13. cxd4 Rc8 14. a3 e5 $146 (14... d5 $14 15. e5 Nd7) ({Predecessor:} 
14... d5 15. e5 Nd7 16. Bf4 Na5 {0-1 (56) Sully,D (2152)-Jones,R (2302)
Newport 2007}) 15. d5 $16 Nb8 16. b4 Nbd7 17. Bd3 Nb6 18. a4 Nc4 {[#]} (18...
Re8 $16 19. a5 Na8) 19. a5 $1 $18 Rc7 20. Re2 Qc8 21. Rc2 Nd7 22. Qe2 b5 23.
axb6 $1 Ndxb6 $2 {[#]} (23... Ncxb6 {keeps fighting.} 24. Ne1 (24. Rxa6 Rxc2
25. Bxc2 Qc3 $16) 24... f5 25. Rxa6 (25. Bxa6 Rxc2 26. Nxc2 Qc7 $16) 25... fxe4
26. Bxe4 (26. Qxe4 Nf6 27. Qe2 Nbxd5 $16) 26... Rxc2 27. Nxc2 Qb7) 24. Rb1 Bd8
25. Ra1 $2 (25. Rb3 $18) 25... h6 $2 (25... Be7 $11 {and Black has nothing to
worry.}) 26. Raa2 Re8 27. Kh1 Kh8 28. g4 f6 (28... Kh7 $142 29. Kg2 Be7) 29.
Nh4 Kh7 30. Nf5 Rh8 31. h4 g6 32. Ng3 h5 {Precision: White = 72%, Black = 49%.}
1-0

[Event "Yingmei Cup CHN-chT 2017"]
[Site "?"]
[Date "2017.04.19"]
[Round "2"]
[White "Guo, Qi"]
[Black "Lei, Tingjie"]
[Result "1/2-1/2"]
[WhiteElo "2413"]
[BlackElo "2471"]
[Annotator "TA"]
[PlyCount "62"]
[EventDate "2017.??.??"]
[SourceTitle "Shenzen"]

1. d4 d5 2. Nf3 Nf6 3. c4 c6 4. e3 Bg4 5. h3 Bxf3 6. Qxf3 e6 7. Bd3 Bb4+ 8. Nc3
Nbd7 9. Bd2 {D11: Slav Defence: 3 Nf3 sidelines and 3...Nf6 4 e3 Bg4} O-O 10.
O-O Nc5 {LiveBook: 6 Games} 11. Qe2 Nxd3 12. Qxd3 Re8 $146 (12... Qe7 13. a3
Bd6 14. e4 dxc4 15. Qxc4 e5 16. d5 cxd5 17. Nxd5 Nxd5 18. Qxd5 {1-0 (56)
Inarkiev,E (2668)-Movsesian,S (2659) Minsk 2015}) 13. Rfd1 Ba5 14. Be1 a6 15.
Rac1 Rc8 16. b3 Bc7 17. e4 Nxe4 18. Nxe4 dxe4 19. Qxe4 Qd6 20. g3 Bd8 21. Bd2
Bf6 22. Bf4 Qa3 23. Be5 Bxe5 24. dxe5 Rcd8 25. Qe2 h6 26. Kg2 Qa5 ({Better is} 
26... Rf8 $11) 27. h4 ({White should play} 27. Rd6 $1 $14) 27... Rxd1 28. Rxd1
Rd8 29. Rxd8+ (29. Rd6 $14) 29... Qxd8 $11 {The position is equal.} 30. Qe3 Qd7
31. Qa7 f6 1/2-1/2

[Event "Yingmei Cup CHN-chT 2017"]
[Site "?"]
[Date "2017.04.19"]
[Round "2"]
[White "Wang, Tongsen"]
[Black "Zhao, Jun"]
[Result "0-1"]
[WhiteElo "2385"]
[BlackElo "2616"]
[Annotator "TA"]
[PlyCount "78"]
[EventDate "2017.??.??"]
[SourceTitle "Shenzen"]

1. e4 c5 2. Nf3 Nc6 3. d4 cxd4 4. Nxd4 Qb6 5. Nb3 Nf6 6. Nc3 e6 7. Be3 Qc7 8.
a3 d6 9. f4 {B33: Sicilian: Pelikan and Sveshnikov Variations} Be7 (9... a6 10.
Qf3 b5 11. Bd3 Bb7 12. O-O Be7 13. Rae1 b4 14. axb4 Nxb4 15. Qg3 O-O 16. f5
Nxd3 17. cxd3 Kh8 18. fxe6 fxe6 {0-1 (54) Ziaziulkina,N (2427)-Alekseev,E 
(2679) Wroclaw 2014}) 10. Qf3 a6 11. g4 {White is slightly better.} b5 12. g5
Nd7 13. h4 Bb7 14. h5 b4 $146 (14... Nc5 15. Nd4 Nxd4 16. Bxd4 e5 17. Be3 exf4
18. Qxf4 {1-0 (29) Vandenbussche,T (2051)-Maes,J (2078) Gent 2003}) 15. axb4
Nxb4 16. O-O-O $1 Rc8 17. Bd3 ({White should play} 17. Kb1 $14) 17... d5 $11
18. Kb1 Nxd3 19. cxd3 dxe4 20. dxe4 O-O 21. g6 (21. Bd4 $11 {remains equal.})
21... Nf6 $1 $36 {Strongly threatening ...Nxe4! Keeping White busy.} 22. Rc1 (
22. gxh7+ $17 {might work better.} Kxh7 23. h6) 22... Qb8 (22... hxg6 23. hxg6
Qxc3 24. Qh3 Qxc1+ 25. Nxc1 Bxe4+ 26. Nd3 Bxh1 27. Qxh1 $15) (22... Qd6 $19 23.
Nd2 Qd3+ 24. Ka1 Bb4 25. gxh7+ Kxh7) 23. Bd4 {[#]} (23. Nd2 $17 {is a better
defense.}) 23... Rxc3 $1 $19 (23... fxg6 24. hxg6 hxg6 25. Rce1 $17) 24. Qxc3 {
Hoping for gxh7+.} (24. bxc3 Bxe4+) 24... Bxe4+ (24... hxg6 25. Ka1 Bxe4 26.
hxg6 $17) 25. Ka1 Qb5 $1 (25... fxg6 26. hxg6 Qb5 27. Nc5 Bxh1 28. Rxh1 Bxc5
29. gxh7+ Nxh7 30. Bxc5 Rxf4 31. Ba3 $17) (25... Qxf4 26. gxf7+ Rxf7 27. Qc8+
Bf8 28. Rhf1 $11) (25... hxg6 26. hxg6 Bxh1 27. Rxh1 fxg6 28. Qe3 $17 (28. Bxf6
$2 Rxf6 29. Nd4 Qxf4 $19)) (25... Bxh1 26. Rxh1 Qxf4 27. gxf7+ Kxf7 28. h6 $19)
26. Nc5 Bxh1 (26... fxg6 27. Nxe4 (27. hxg6 Bxh1 28. Rxh1 Bxc5 29. gxh7+ Nxh7
30. Bxc5 Rxf4 $17) 27... Nxe4 28. Qe3 Qa5+ 29. Kb1 $14) 27. Rxh1 Rc8 28. Rc1 $2
{[#]} (28. gxh7+ {is a better chance.} Kxh7 29. Qd3+ Kh6 30. Qxb5 axb5 31. Nd3)
28... Ne4 $1 ({Less strong is} 28... Nxh5 29. gxf7+ Kxf7 30. Qh3 Nxf4 31. Qxh7
Bxc5 32. Qxg7+ Ke8 33. Qh8+ Kd7 34. Qxc8+ $1 Kxc8 35. Rxc5+ Kd7 36. Rxb5 axb5
37. Bg7 $17) 29. gxh7+ (29. Nxe4 Qa4+) 29... Kh8 30. Bxg7+ Kxh7 31. Qc2 Rxc5 ({
Weaker is} 31... Bxc5 32. Qxe4+ Kxg7 {[#]} 33. h6+ $1 Kf8 34. h7 $19) 32. Qxe4+
f5 33. Rxc5 fxe4 34. Rxb5 axb5 {KB-KB} 35. Bd4 Kh6 36. Kb1 Kxh5 37. Kc2 Kg4 38.
Kd1 Kf3 39. Bc3 Bh4 0-1

[Event "Yingmei Cup CHN-chT 2017"]
[Site "?"]
[Date "2017.04.19"]
[Round "2"]
[White "Zhang, Xiaowen"]
[Black "Hong, Xing"]
[Result "1/2-1/2"]
[WhiteElo "2345"]
[BlackElo "1982"]
[Annotator "TA"]
[PlyCount "140"]
[EventDate "2017.??.??"]
[SourceTitle "Shenzen"]

1. e4 c5 2. Nf3 d6 3. d4 cxd4 4. Nxd4 Nf6 5. Nc3 a6 6. Be2 e6 7. O-O Be7 8. f4
O-O 9. Kh1 Qc7 10. Be3 b5 11. a4 $146 {B85: Sicilian Scheveningen: 6 Be2 a6,
lines with early Be3} (11. a3 $11) (11. a3 Bb7 12. Bf3 Nbd7 13. Qe1 Rfe8 14.
Rd1 Bf8 15. Bc1 Nb6 16. b3 g6 17. Bb2 e5 18. Nde2 d5 19. Nxd5 Nfxd5 20. exd5 e4
21. Bg4 Nxd5 {0-1 (35) Horvath,A (2498)-Sethuraman,S (2656) Biel 2016}) 11...
b4 $15 12. Na2 Nxe4 13. Nxb4 {Black is slightly better.} Bb7 14. a5 Nd7 15. f5
(15. c3 $15) 15... d5 (15... e5 $17 16. Nb3 Rfc8) 16. fxe6 Bxb4 $2 {[#]} (16...
fxe6 $15 {keeps the upper hand.} 17. Nd3 (17. Nxe6 Rxf1+ 18. Bxf1 Qe5 19. Bxa6
Rxa6 20. Nxa6 Qxe6 $17) 17... Rxf1+ 18. Qxf1 e5) 17. exd7 $16 Bd6 (17... Qxd7
$142 18. Nf5 f6) 18. Bg1 (18. Nf5 $16) 18... g6 (18... Qxd7 $11 {remains equal.
} 19. Nf5 Be5) 19. Bg4 Qd8 20. Bh3 (20. Qf3 $16) 20... Qh4 21. Qg4 Qxg4 $1 22.
Bxg4 Rfd8 23. c3 f5 24. Nxf5 $1 gxf5 25. Bxf5 {[#] Strongly threatening Bd4.}
Bc5 26. Bxe4 Bxg1 27. Bf5 (27. Rxg1 $2 dxe4 28. Rgd1 Bc6 $19) 27... Bc5 28.
Be6+ Kh8 $1 29. Rf7 {Rd1 is the strong threat.} Bc6 30. Bf5 Ra7 31. Rxh7+ Kg8
32. Rh5 Bxd7 33. Bh7+ Kg7 34. Rxd5 Kxh7 35. Rxc5 Be6 36. Re5 Bb3 37. Re2 Rad7
38. h3 Rd2 39. Rae1 Bc4 40. Re4 Bd5 41. Rh4+ Kg6 42. Rg4+ Kh6 43. c4 Bb7 (43...
Bg8 $11 {keeps the balance.}) 44. Re6+ Kh5 45. b4 R2d4 46. Re7 (46. Re5+ $16
Kh6 47. Rxd4 Rxd4 48. b5 axb5 49. cxb5) 46... R8d7 (46... Rxg4 $11 47. hxg4+
Kh4) 47. Rxd7 (47. Re5+ $5 {feels hotter.} Kh6 48. Rxd4 Rxd4 49. Re7 Ba8 50.
Re8) 47... Rxd7 {Endgame KRB-KR} 48. b5 Kh6 49. Kh2 Rd2 50. bxa6 (50. b6 $16)
50... Bxa6 $11 {The position is equal.} 51. Kg3 Ra2 52. Kf3 (52. Rd4 $5 {
looks sharper.} Rxa5 53. Rd6+ Kg7 54. Rd7+ Kf6 55. Rc7) 52... Rxa5 53. Ke3 Rc5
54. Kd3 Kh5 55. Kc3 Bc8 56. Re4 Bb7 57. Rg4 Bc8 58. Rd4 Bb7 59. g3 Re5 60. Rh4+
Kg5 61. Kd4 Re1 62. Rh7 Bg2 63. h4+ Kg6 64. Ra7 Re4+ 65. Kc5 Bf1 66. Kd5 Rxc4
67. Ra1 Be2 68. Ra2 Bf1 69. Ra1 Be2 70. Ra2 Bf1 1/2-1/2